[Event "4NCL Division 1c"]
[Site "Birmingham, ENG"]
[Date "2016.05.02"]
[Round "11.144"]
[White "Zhou, Yang-Fan"]
[Black "Ansell, Simon T"]
[Result "1-0"]
[WhiteElo "2465"]
[BlackElo "2356"]
[PlyCount "109"]
[EventDate "2016.05.02"]
[WhiteTeam "Guildford 2"]
[BlackTeam "Blackthorne Russia"]

1. e4 c5 2. Nf3 Nc6 3. Bb5 e6 4. O-O Nge7 5. Re1 a6 6. Bf1 d5 7. exd5 Nxd5 8.
d4 Nf6 9. Be3 cxd4 10. Nxd4 Nxd4 11. Bxd4 Be7 12. c4 O-O 13. Nc3 Bd7 14. Qd3
Bc6 15. Rad1 Nd7 16. Qe3 Re8 17. a3 Qc7 18. b4 b6 19. Qg3 Qxg3 20. hxg3 Ra7 21.
Rd3 Kf8 22. Red1 Rc8 23. f3 g6 24. Be3 Ke8 25. R3d2 Bf6 26. Bd4 Be7 27. g4 a5
28. b5 Ba8 29. Na4 Rb8 30. Ra2 Rc7 31. Kf2 Rd8 32. Be3 Rdc8 33. Rxd7 Rxd7 34.
Nxb6 Rdd8 35. Nxc8 Rxc8 36. g5 Bb7 37. Bd3 Bc5 38. f4 Ke7 39. Bxc5+ Rxc5 40.
Ke3 e5 41. g3 Kd6 42. Rh2 Bc8 43. Kd2 Be6 44. Kc3 Rc8 45. Rxh7 e4 46. Be2 Kc5
47. g4 Rf8 48. Rh6 Rg8 49. f5 gxf5 50. gxf5 Bd7 51. g6 fxg6 52. fxg6 Be8 53.
Rh5+ Kd6 54. c5+ Kc7 55. Rh7+ 1-0

[Event "4NCL Division 1c"]
[Site "Birmingham, ENG"]
[Date "2016.05.02"]
[Round "11.145"]
[White "Bates, Richard A"]
[Black "Flear, Glenn C"]
[Result "1/2-1/2"]
[WhiteElo "2321"]
[BlackElo "2452"]
[PlyCount "55"]
[EventDate "2016.05.02"]
[WhiteTeam "Blackthorne Russia"]
[BlackTeam "Guildford 2"]

1. d4 d5 2. c4 e6 3. Nf3 Nf6 4. g3 c6 5. Bg2 Nbd7 6. O-O dxc4 7. a4 a5 8. Nc3
Bd6 9. e4 e5 10. Qe2 O-O 11. dxe5 Nxe5 12. Nxe5 Bxe5 13. Be3 Qe7 14. Qxc4 Be6
15. Qc5 Qxc5 16. Bxc5 Rfd8 17. f4 Bd4+ 18. Bxd4 Rxd4 19. e5 Ng4 20. Rfe1 Rad8
21. Rad1 Kf8 22. h3 Nh6 23. g4 g6 24. Rxd4 Rxd4 25. Re4 Rd2 26. Re2 Rd4 27. Re4
Rd2 28. Re2 1/2-1/2

[Event "4NCL Division 1c"]
[Site "Birmingham, ENG"]
[Date "2016.05.02"]
[Round "11.146"]
[White "Ciuksyte, Dagne"]
[Black "Webb, Laurence E"]
[Result "1/2-1/2"]
[WhiteElo "2332"]
[BlackElo "2272"]
[PlyCount "71"]
[EventDate "2016.05.02"]
[WhiteTeam "Guildford 2"]
[BlackTeam "Blackthorne Russia"]

1. e4 e6 2. d4 d5 3. Nd2 c5 4. Ngf3 Nf6 5. e5 Ne4 6. Bd3 Nxd2 7. Bxd2 Nc6 8.
dxc5 Bxc5 9. O-O Bd7 10. c3 a5 11. Re1 h6 12. Be3 Be7 13. Rc1 a4 14. c4 Nb4 15.
Bb1 dxc4 16. Rxc4 Bc6 17. Rd4 Qa5 18. Rg4 Rd8 19. Nd2 Nd5 20. Bd4 h5 21. Rxg7
Nf4 22. Bc3 Qb5 23. Be4 Kf8 24. Rg3 h4 25. Rf3 Bg5 26. Qc2 Ne2+ 27. Kh1 Nxc3
28. Bxc6 bxc6 29. Qg6 Rd7 30. Qxg5 Qxb2 31. Nc4 Qe2 32. Rxf7+ Kxf7 33. Qf6+ Kg8
34. Qxe6+ Kf8 35. Qf5+ Kg8 36. Qe6+ 1/2-1/2

[Event "4NCL Division 1c"]
[Site "Birmingham, ENG"]
[Date "2016.05.02"]
[Round "11.147"]
[White "Ledger, Dave J"]
[Black "Wall, Gavin"]
[Result "0-1"]
[WhiteElo "2234"]
[BlackElo "2345"]
[PlyCount "68"]
[EventDate "2016.05.02"]
[WhiteTeam "Blackthorne Russia"]
[BlackTeam "Guildford 2"]

1. e4 e5 2. Nf3 d6 3. d4 exd4 4. Nxd4 Nf6 5. Nc3 Be7 6. g3 O-O 7. Bg2 Re8 8.
O-O c6 9. h3 Bf8 10. Bf4 Nbd7 11. Qd2 Ne5 12. Rad1 Nc4 13. Qc1 Qa5 14. Qa1 Bd7
15. b3 Ne5 16. Bd2 Qc7 17. g4 h6 18. Nce2 Ng6 19. Ng3 d5 20. exd5 Nxd5 21. Bxd5
cxd5 22. Nh5 Re4 23. Kh1 Rae8 24. Rg1 Ne5 25. Rg3 Qb6 26. Be3 Qg6 27. Ne2 d4
28. Nxd4 Nxg4 29. hxg4 Bxg4 30. Nf4 Rxf4 31. Bxf4 Qh5+ 32. Kg2 Bxd1 33. Bxh6
Re1 34. Qc3 Qh1# 0-1

[Event "4NCL Division 1c"]
[Site "Birmingham, ENG"]
[Date "2016.05.02"]
[Round "11.148"]
[White "Kalaiyalahan, Akshaya"]
[Black "Ledger, Stephen C"]
[Result "1-0"]
[WhiteElo "2212"]
[BlackElo "2177"]
[PlyCount "77"]
[EventDate "2016.05.02"]
[WhiteTeam "Guildford 2"]
[BlackTeam "Blackthorne Russia"]

1. d4 Nf6 2. c4 c5 3. d5 b5 4. cxb5 a6 5. bxa6 Bxa6 6. Nc3 g6 7. g3 d6 8. Bg2
Bg7 9. Nf3 O-O 10. O-O Nbd7 11. Rb1 Qa5 12. Bd2 Rfb8 13. Qc2 Qb4 14. Rfd1 Qb7
15. b3 Ne8 16. e4 Nc7 17. a4 Qb6 18. Re1 Bb7 19. Nd1 Na6 20. Bg5 h6 21. Be3 Nb4
22. Qd2 Kh7 23. Nc3 Ba6 24. Bf1 Bxf1 25. Rxf1 Rb7 26. Nb5 Nf6 27. Qxb4 cxb4 28.
Bxb6 Rxb6 29. Nd2 Rc8 30. Nc4 Rbb8 31. Na7 Rc7 32. Nc6 Rxc6 33. dxc6 Nxe4 34.
Rbe1 d5 35. c7 Rc8 36. Nb6 Rxc7 37. Nxd5 Rd7 38. Rxe4 Rxd5 39. Rxb4 1-0